| 000 | 00504cam a2200193ua 4500 | ||
|---|---|---|---|
| 020 |
_a0 444 419939 3 _c140.00 |
||
| 041 |
_aeng _h |
||
| 082 |
_a631.42 _bHOL/LA |
||
| 100 | _aHolmer, J W . | ||
| 245 |
_aLand and stream salinity / _cJ W Holmer. _hTextual Documents |
||
| 250 |
_a1 / _b. |
||
| 260 |
_aNew York : _bElsevier Scientific Publishing Company , _c1981. |
||
| 300 | _a391 ; . | ||
| 365 | _a140.00 | ||
| 504 | _a | ||
| 700 | 1 | _aTalsma, T . | |
| 942 | _cBK | ||
| 999 |
_c9420 _d9420 |
||